000 00539nam a2200121Ia 4500
008 220620s9999||||xx |||||||||||||| ||und||
245 0 _aItinerant Philosophy: On Alphonso Lingis
546 _aEnglish[eng]
650 _aAlphonso Lingis||philosophy||photography
700 _aGeorge, Bobby||Sparrow, Tom
856 _uhttps://library.oapen.org/bitstream/20.500.12657/25547/1/1004548.pdf||https://library.oapen.org/bitstream/20.500.12657/25547/1/1004548.pdf||https://library.oapen.org/bitstream/20.500.12657/25547/1/1004548.pdf
942 _cEB
999 _c24781
_d24781